| 000 | 01466cam a2200313 a 4500 | ||
|---|---|---|---|
| 001 | 16194545 | ||
| 005 | 20170105102347.0 | ||
| 008 | 100420s2011 flua b 001 0 eng | ||
| 010 | _a 2010013378 | ||
| 015 |
_aGBB058369 _2bnb |
||
| 016 | 7 |
_a015545787 _2Uk |
|
| 020 | _a9781439811757 (alk. paper) | ||
| 020 | _a143981175X (alk. paper) | ||
| 035 | _a(OCoLC)ocn422754534 | ||
| 040 |
_aDLC _cDLC _dYDX _dBTCTA _dUKM _dYDXCP _dCDX _dORX _dFER _dDLC |
||
| 082 | 0 | 0 | _a629.2293 |
| 100 | 1 |
_aHusain, Iqbal, _d1964- |
|
| 245 | 1 | 0 |
_aElectric and hybrid vehicles : design fundamentals _bdesign fundamentals _cIqbal Husain. |
| 250 | _a2nd ed. | ||
| 260 |
_aBoca Raton, FL : _bCRC Press, _cc2011. |
||
| 300 |
_axxi, 501 p. : _bill. ; _c25 cm. |
||
| 504 | _aIncludes bibliographical references and index. | ||
| 505 | 0 | _aIntroduction to alternative vehicles -- Vehicle mechanics -- Alternative vehicle architectures -- Battery energy storage -- Alternative energy storage -- Electric machines -- Power electronic converters -- Electric motor drives -- Control of AC machines -- Internal combustion engines -- Powertrain components and brakes -- Cooling systems -- Hybrid vehicle control strategy -- Vehicle communications. | |
| 650 | 0 | _aElectric vehicles. | |
| 650 | 0 | _aHybrid electric vehicles. | |
| 906 |
_a7 _bcbc _corignew _d1 _eecip _f20 _gy-gencatlg |
||
| 942 |
_2ddc _cBK |
||
| 999 |
_c11768 _d11768 |
||